Statistics for The Basilisk's victims from Harry Potter and the Chamber of Secrets- in order

Click here to take the quiz!

General Stats

  • This quiz has been taken 982 times
  • The average score is 4 of 6

Answer Stats

HintAnswer% Correct
2Colin Creevey
89%
5Hermione Granger
87%
1Mrs. Norris
87%
3Nearly Headless Nick
62%
4Justin Finch-Fletchley
61%
6Penelope Clearwater
44%

Score Distribution

Percentile by Number Answered

Percent of People with Each Score

Your Score History

You have not taken this quiz